00917nam a2200241 a 450000100100000000500170001000800410002702000150006804000250008308200270010810000350013524500300017025000120020026000460021230000200025859000260027865000270030465000310033191000410036295201250040395201300052899900170065800002661620240530073919.0110324s2004 dr 000 f spa d a9993401374 aDO-SdBNPbspacBNPHU aRD863.44bS787eq, 20041 aStanley, Avelino,d1959-9153610aEquis /cAvelino Stanley. a6a. ed. aSanto Domingo :bCocolo Editorial,c2004. a99 p. ;c21 cm. aInventariado, 2019/VM 0aNovela dominicana9223 0aLiteratura dominicana.967 aValidado. Control de calidad MMOLINA 0010718PDaPDbPDcHDd2011-03-24iLF1l0oRD863.44 S787eq, 2004p26616-10r2020-06-25w2020-06-25yLFPDZNo se presta 0010718PDaPDbPDcHDd2011-05-09iLF1l0oRD863.44 S787eq, 2004p26616-20r2020-06-25te.2w2020-06-25yLFPDZNo se presta c26108d26108